| 000 | 00806nmm a2200289 a 4500 | ||
|---|---|---|---|
| 003 | AR-BaBNM | ||
| 005 | 20251128210805.0 | ||
| 008 | 291020s1993 ||||||||||||||000 | spa|| | ||
| 040 | _cAR-BaBNM | ||
| 110 | 2 | _aFUNDARPRE | |
| 245 | 1 | 0 |
_aContención y afecto familiar _bprimera barrera contra la droga |
| 260 |
_aBuenos Aires _bFUNDARPRE _c1993 |
||
| 300 | 0 |
_a64 p. _bil. |
|
| 500 | 0 | _aContiene referencias bibliográficas | |
| 650 | 4 | _aEDUCACION FAMILIAR | |
| 650 | 4 | _aPSICOLOGIA AFECTIVA | |
| 650 | 4 | _aDROGADICCION | |
| 650 | 4 | _aRELACIONES FAMILIARES | |
| 650 | 4 | _aADICCION | |
| 650 | 4 | _aREHABILITACION | |
| 650 | 4 | _aPAPEL DE LA FAMILIA | |
| 650 | 4 | _aPSICOLOGIA DEL NINO | |
| 650 | 4 | _aPSICOLOGIA DEL ADOLESCENTE | |
| 653 | 0 | _aPREVENCION DE ADICCIONES | |
| 942 | _cBK | ||
| 998 | _cRAQUEL | ||
| 999 |
_c16923 _d16923 |
||